00560 2200217 4500001002100000005001500021035002000036007000300056008004100059020002200100082001000122084001600132100001900148245004400167250001000211260004600221300002200267650003100289990001100320990001100331INLIS00000000000120520180109022606 a0010-0118000023ta180109 g 0 ind  a978-602-1129-36-4 a398.2 a398.2 DAR e0 aDaru Wijayanti1 aEnsiklopedia Dongeng & Cerita Nusantara aCet.1 aYogyakarta :bPenerbinIndoliterasi,c2015 a376hlm ;c19x24cm aDongeng , Cerita Nusantara a5673 a a5673 b